000 00261nam a2200121 i 4500
001 bg
245 0 _aRolnictwo :
_brynek, równowaga.
260 _aWarszawa,
_c1978.
040 _cBPK
041 _apol
942 _cKS
008 s pl f |000 0 pol
999 _c9529
_d9529
856 _uhttp://koha.tu.koszalin.pl/cgi-bin/koha/opac-detail.pl?biblionumber=9529
_yKatalog online BPK